| 000 | 00366nam a2200133Ia 4500 | ||
|---|---|---|---|
| 005 | 20260328104339.0 | ||
| 008 | 260328s9999||||xx |||||||||||||| ||und|| | ||
| 100 | _aGómez, Luz Mariela | ||
| 245 | 0 |
_aTres Ideas de lo Moderno en la concepción del hogar / _cLuz Mariela Gómez |
|
| 260 | _bPunto Aparte | ||
| 300 | _a209 p. | ||
| 650 | _aARQUITECTURA | ||
| 942 | _cBK | ||
| 999 |
_c12014 _d12014 |
||